000 00510nam a2200181 i 4500
001 C2-0304610
003 PPAK
005 20180728085732.0
008 100603s xx |||| ||||| | may d
040 _aPPAK
_beng
_cPPAK
_erda
100 0 _aAbdul Rahman bin Ismail,
_cProf. Madya
_eauthor
245 1 0 _a50 tahun merdeka : menilai semula perjuangan bangsa
300 _a22 pages ;
_c30 cm
336 _2rdacontent
_atext
337 _2rdamedia
_aunmediated
338 _2rdacarrier
_avolume
942 _ddc
_cB
999 _c107738
_d107738